000 01198nam0a22002771 4500
001 rc\758825
005 20260407005902.0
035 _a(NLR Aleph) 006286717
090 _a7106629
_c7106629
100 _a20040301d1985 |||y0rusy50 ca
101 0 _arus
102 _aRU
105 _aa |||||||||
200 1 _aКлимат Новгорода
_fСев.-Зап. террит. упр. по гидрометеорологии и контролю природ. среды
_g[Выполн. В.Г. Бодриной и др.
_gПод ред. Ц.А. Швер и др.]
210 _aЛ.
_cГидрометеоиздат
_d1985
215 _a168 с.
_cил.
_d22
225 1 _aКлимат города
320 _aБиблиогр.: с. 131-132 (33 назв.)
702 1 _aБодрина
_bВ.Г.
_4570
702 1 _aШвер
_bЦ.А.
_gЦипа Абрамовна
_4340
712 0 2 _aСеверо-Западное территориальное управление по гидрометеорологии и контролю природной среды
_3RU\NLR\AUTH\889996919
_9491077
801 0 _aRU
_bNLR
_gpsbo
801 1 _aRU
_bELAR
_2rusmarc
852 _aNLR
_j86-5/4019
942 _cBOOK
980 _aNB